| 000 | 00585cam a2200181 a 4500 | ||
|---|---|---|---|
| 001 | 000018310 | ||
| 005 | 20200929165441.0 | ||
| 008 | 830126s1964 sp 000 0 spa d | ||
| 040 |
_aDO-SdBNP _bspa _cLC _dBNPHU |
||
| 245 | 0 | 0 |
_aCancionero infantil : _bantología / _c[compilación] Bonifacio Gil. |
| 260 |
_aMadrid : _bTaurus, _c1964. |
||
| 300 |
_a163 p. : _bil. ; _c18 cm. |
||
| 490 | 1 |
_aSer y tiempo. Temas de España _v25 |
|
| 700 | 1 |
_aGil, Bonifacio, _ecomp. _939656 |
|
| 830 | 0 |
_aSer y tiempo. _pTemas de España _v25 _939657 |
|
| 910 | _aCatalogación derivada / LC | ||
| 049 | _aBNGR | ||
| 999 |
_c17831 _d17831 |
||